000 00797nam a22002177a 4500
999 _c63892
_d63892
005 20240530110704.0
008 171225s2015 ua a f b 000 0dara d
017 _a2014/26733
_bمصر. دار الكتب
020 _a9789779101156
040 _aEG-CaGPL
_cEG-CaGPL
082 0 4 _221
_a916.21
_bق/م إ
100 0 _aمصطفى نصر
245 1 2 _aالاسكندرية مدينة الفن :
_bالعشق والدم /
_cمصطفى نصر .
250 _aط.1
260 _aالقاهرة :
_bالهيئة المصرية العامة للكتاب ،
_c2015 .
300 _a181 ص. ؛
_c20 سم.
651 0 7 _2qrmak
_aالاسكندرية
651 0 7 _2qrmak
_aالاسكندرية
_xالعادات والتقاليد
942 _2ddc
_cBK